000 00939nam a22003257a 4500
001 BR0402686
003 BR-BrBNA
005 20230928101632.0
007 ta
008 230509b bl.||||| |||| 00| 0 por d
040 _aBR-BrBNA
_bpor
_cBiblioteca Nacional de Agricultura
041 _a(Por)
072 _aN20; C20
_b4530
090 _ 4530 BR0402686
110 1 _aServiço Nacional de Aprendizagem Rural, Curitiba, PR (Brasil). Administração Regional do Estado do Paraná
245 1 _aTrabalhador na operação de implementos agrícolas: semeadeira e plantadeira
260 3 _aCuritiba, PR (Brasil):
_c2003.
300 _a54 p.
500 _a45 illus.
650 _aSEMEADEIRA
650 _aPLANTADEIRA
650 _aSEMENTE
650 _aADUBO
650 _aMANUTENÇÃO
650 _aTRABALHADOR RURAL
650 _aEXTENSÃO RURAL
650 _aCURSO
909 _a202309
_bLucia
_c55
_dLucia Elande
942 _cBK
999 _c66805
_d66805